01274cam a2200313 a 4500001000800000005001700008008004100025010001700066020003500083020003800118040001800156050002200174082002500196245013200221260004900353300002400402490004500426504005100471650002700522650002200549653001700571700003400588700003500622856008900657906004500746942001400791999001700805952013800822305150020060807182321.0960214s1996 enk b 001 0 eng  a 96011337  a0415144124 (pbk. : alk. paper) a9780415144124 (pbk. : alk. paper) aDLCcDLCdDLC00aJA75.8b.D48 199600a363.7052501222bDEM00aDemocracy and Green Political Thought :bSustainability, Rights, and Citizenship /cEdited by Brian Doherty and Marius de Geus. aLondon ;aNew York :bRoutledge, 1996c1996. ax, 246 p. ;c24 cm. 924327aEuropean Political Science Series aIncludes bibliographical references and index. 0aGreen movement.924328 0aDemocracy.924329 bPolcMay20111 aDoherty, Brian,d1964-9243301 aGeus, Marius de,d1954-924331423Publisher descriptionuhttp://www.loc.gov/catdir/enhancements/fy0649/96011337-d.html a7bcbccorignewd1eocipf19gy-gencatlg 2ddccARCH c15446d15446 00102ddc40708BaccahaMAINbMAINc1STd2011-05-29epurchaseg422.00h12337l0o363.7052501 DEMp000023771r2025-07-15 00:00:00yBB